Reforming global business and finance : (Record no. 195949)
[ view plain ]
| 000 -LEADER | |
|---|---|
| fixed length control field | 00632nam a2200181 4500 |
| 005 - DATE AND TIME OF LATEST TRANSACTION | |
| control field | 20230605162504.0 |
| 010 ## - LCCN (DPL NO) | |
| LC control number | ENG-136937 |
| 020 ## - INTERNATIONAL STANDARD BOOK NUMBER | |
| International Standard Book Number | 9788183249799 |
| Terms of availability | 950.00 |
| 035 ## - SYSTEM CONTROL NUMBER | |
| System control number | EN-120469 |
| 037 ## - SOURCE OF ACQUISITION | |
| Source of stock number/acquisition | DBAD/PUB |
| 082 ## - DEWEY DECIMAL CLASSIFICATION NUMBER | |
| Classification number | 332.0954 |
| 245 ## - TITLE STATEMENT | |
| Title | Reforming global business and finance : |
| Remainder of title | contemporary issues in the 21st century |
| Statement of responsibility, etc | Edited By Mohmed Amin Mir |
| 260 ## - PUBLICATION, DISTRIBUTION, ETC. (IMPRINT) | |
| Place of publication, distribution, etc | New Delhi |
| Name of publisher, distributor, etc | Mittal Publications |
| Date of publication, distribution, etc | 2020 |
| 270 ## - ADDRESS | |
| Address | 4594/9, Daryaganj |
| City | New Delhi |
| Postal code | 110002 |
| Electronic mail address | info@mittalbooks.com |
| Telephone number | 23250398 |
| Fax number | 91-11-41564398 |
| 300 ## - PHYSICAL DESCRIPTION | |
| Extent | 241p |
| Dimensions | 22cm(hbk) |
| 700 ## - ADDED ENTRY--PERSONAL NAME | |
| Personal name | Mir, Mohmed Amin |
| 942 ## - ADDED ENTRY ELEMENTS (KOHA) | |
| Source of classification or shelving scheme | Dewey Decimal Classification |
| Item type | English Books |
| Call number suffix | REF |
| Classification part | 332.0954 |
| Withdrawn status | Lost status | Not for loan | Collection code | Home library | Current library | Date acquired | Source of acquisition | Cost, normal purchase price | Full call number | Barcode | Copy number | Cost, replacement price | Koha item type |
|---|---|---|---|---|---|---|---|---|---|---|---|---|---|
| Non-fiction | Shahdara Branch | Shahdara Branch | 12/05/2023 | DBAB/PUB | 950.00 | 332.0954 REF | EN-120469 | 1 | 950.00 | English Books |
